00609nam a2200205 a 450000100060000000300080000600500170001400800410003103500190007204000290009104100080012008200220012810000310015024500810018126000520026230000350031450000190034965000190036870000160038766345BD-RjUL20211209081527.0170315t1963 nyud b 001 0 eng  a(BD-RjUL)66475 aDLCcKyLoSdBD-RjULbeng aeng a153223bKIT 19631 aKing, C. Daly,d1895-1963.14aThe states of human consciousness /cC. Daly King and Foreword by Roy Finch. aNew Hyde Park, N.Y. :bUniversity Books,c1963. axiii, 176 p. :bill. ;c24 cm. aIncludes index 0aConsciousness. aFinch, Roy